1521 1563 1985 1288 1735 1314 1693 1350 1431 1519 1655 1406 1242 1890 1636 1652 1176 1108 1566 1086 1826 1065 1466 1442 1146 1208 1576 1032 1084 1235 1985 1878 1103 1322 1382 1970 1809 1726 1451 1172 1128 1398 1997 1523 1352 1802 1647 1498 1665 1419 1228 1255 1424 1312 1149 1472 1866 1983 1301 1943 1264 1990 1424 1661 1307 1135 1470 1572 1372 1769 1369 1800 1111 1096 1288 1065 1784 1463 1542 1296 1205 1385 1823 1569 1842 1716 1578 1444 1297 1101 1580 1137 1222 1571 1726 1614 1298 1606 1956 BCNSPRNW ULIB Ver.6.0+V

เปลี่ยนเป็นภาษาไทย

Change to English
 แสดงรายละเอียดบรรณานุกรม
  กลับหน้าหลัก

Brief Record : Get Marc (ISO 2709) : E-mail record : QR code < ปิดหน้าต่าง
LEADER : 00000nam 2200000uu 4500
001    13399128646
003     ULIB
008    211019s2562 th a 000 0 tha d
020    ^a9786161141172
040    ^absi
060 04 ^aWC755.JT3^bส961ส
100 0  ^aแสงทอง จันทร์เฉิด
245 10 ^aเส้นทางต่อสู้ของมาลาเรียในประวัติศาสตร์ไทย /^cแสงทอง จันทร์เฉิด
250    ^aพิมพ์ครั้งที่ 1
260    ^aนนทบุรี :^bกองนวัตกรรมและวิจัย กรมควบคุมโรค,^c2562
300    ^a247 หน้า :^bภาพประกอบ ;^c25 ซม.
500    ^aดาวน์โหลดหนังสือผ่านทางเว็บไซต์ได้
650  4 ^aมาลาเรีย
650  4 ^aมาลาเรีย^zไทย
650  4 ^aมาลาเรีย^zไทย^xประวัติศาสตร์
710 2  ^aกรมควบคุมโรค
856 40 ^a^uhttps://ddc.moph.go.th/uploads/publish/998120200408013431.pdf^zดาวน์โหลดหนังสือ
910    ^aSend to UC-Add Symbol
945    ^p0^l0^i30003
945    ^p0^l0^i30004
995    ^aัณชพร จุลอักษร
999    ^aกัณชพร
รายการนี้ยังไม่มีแท็ก
คุณยังไม่ได้ล็อกอิน คุณสามารถมีกิจกรรมร่วมกับเว็บไซต์ได้ แต่ต้องล็อกอินก่อน ::
  ล็อกอิน

รายการสื่อสารสนเทศ

ลำดับที่ ประเภท เลขเรียก/บาร์โค้ด สถานที่ สถานะ
1. วิทยาศาสตร์การแพทย์ และสุขภาพ
วิทยาศาสตร์การแพทย์ และสุขภาพ
WC755.JT3 ส961ส ฉ.1 
  Barcode: 30003
ห้องสมุดวิทยาเขตนครสวรรค์
►หนังสือทั่วไป:l:General Books
บนชั้น
2. วิทยาศาสตร์การแพทย์ และสุขภาพ
วิทยาศาสตร์การแพทย์ และสุขภาพ
WC755.JT3 ส961ส ฉ.2 
  Barcode: 30004
ห้องสมุดวิทยาเขตนครสวรรค์
►หนังสือทั่วไป:l:General Books
บนชั้น

รายการใกล้เคียง
    หัวเรื่อง [มาลาเรีย]

BibComment


ยังไม่เคยถูกคอมเมนท์

คอมเมนท์ทรัพยากรรายการนี้
  คอมเมนท์: เส้นทางต่อสู้ของ..


 Copyright 2026. Bcnsprnw @Library